[Event "CZE-chT2D 0910"]
[Site "Czech Republic"]
[Date "2009.12.06"]
[Round "4.2"]
[White "Krondraf, Karel"]
[Black "Pekar, Vaclav"]
[Result "0-1"]
[WhiteElo "2200"]
[BlackElo "2072"]
[PlyCount "50"]
[EventDate "2009.10.18"]
[EventType "team-tourn"]
[EventRounds "11"]
[EventCountry "CZE"]
[SourceTitle "EXT 2012"]
[Source "ChessBase"]
[SourceDate "2011.11.24"]
[SourceVersion "1"]
[SourceVersionDate "2011.11.24"]
[SourceQuality "1"]
[WhiteTeam "Zdar nad Sazavou"]
[BlackTeam "Litomysl"]
[WhiteTeamCountry "CZE"]
[BlackTeamCountry "CZE"]

1. e4 e5 2. Nf3 Nc6 3. Bb5 Bc5 4. c3 f5 5. d3 fxe4 6. dxe4 Nf6 7. Bg5 Bxf2+ 8. Ke2 Bb6 9. Nbd2 0-0 10. Qb3+ Kh8 11. Bxc6 bxc6 12. Nxe5 Qe8 13. Bxf6 gxf6 14. Nd3 d5 15. Qa4 dxe4 16. Nf4 Bg4+ 17. Ke1 Be3 18. Rf1 Rd8 19. Nc4 Qd7 20. h3 Bd2+ 21. Kf2 Bxf4 22. hxg4 Qxg4 23. Qxc6 Rd2+ 24. Nxd2 Qg3+ 25. Kg1 Be3+ 0-1

[Event "Zdar nad Sazavou Vysocina op 6th"]
[Site "Zdar nad Sazavou"]
[Date "2009.09.30"]
[Round "6"]
[White "Paldus, Petr"]
[Black "Krondraf, Karel"]
[Result "1/2-1/2"]
[WhiteElo "2025"]
[BlackElo "2200"]
[PlyCount "41"]
[EventDate "2009.09.26"]
[EventType "swiss"]
[EventRounds "9"]
[EventCountry "CZE"]
[SourceTitle "CBM 132 Extra"]
[Source "ChessBase"]
[SourceDate "2009.11.03"]
[SourceVersion "1"]
[SourceVersionDate "2009.11.03"]
[SourceQuality "1"]

1. e4 c5 2. Nf3 d6 3. g3 g6 4. Bg2 Bg7 5. 0-0 Nc6 6. Nc3 e6 7. d3 Nge7 8. Be3 0-0 9. Qd2 Re8 10. Bh6 Bh8 11. Nh4 Nd4 12. Nd1 b5 13. f4 e5 14. f5 f6 15. g4 g5 16. c3 Ne6 17. fxe6 gxh4 18. g5 Ng6 19. gxf6 Bxe6 20. Qf2 Kf7 21. Ne3 1/2-1/2

[Event "Litomysl op 10th"]
[Site "Litomysl"]
[Date "2008.12.29"]
[Round "5"]
[White "Heberla, Bartlomiej"]
[Black "Krondraf, Karel"]
[Result "1-0"]
[WhiteElo "2485"]
[BlackElo "2214"]
[PlyCount "43"]
[EventDate "2008.12.26"]
[EventType "swiss"]
[EventRounds "9"]
[EventCountry "CZE"]
[SourceTitle "CBM 128 Extra"]
[Source "ChessBase"]
[SourceDate "2009.03.05"]
[SourceVersion "2"]
[SourceVersionDate "2009.03.25"]
[SourceQuality "1"]

1. c4 c6 2. Nf3 Nf6 3. Nc3 d5 4. e3 e6 5. b3 Be7 6. Bb2 0-0 7. Qc2 a6 8. Rg1 b5 9. g4 b4 10. Na4 Nbd7 11. g5 Nh5 12. Be2 g6 13. Nd4 Ng7 14. Nxc6 Qe8 15. Nxe7+ Qxe7 16. cxd5 exd5 17. Qc6 Rb8 18. Qxd5 Ne6 19. Qe4 Bb7 20. Qh4 Qd6 21. Rg3 Rfd8 22. Qxh7+ 1-0

[Event "CZE-chT2D 0809"]
[Site "Czech Republic"]
[Date "2008.12.07"]
[Round "4.1"]
[White "Karasek, Lukas"]
[Black "Krondraf, Karel"]
[Result "1/2-1/2"]
[WhiteElo "2226"]
[BlackElo "2214"]
[PlyCount "76"]
[EventDate "2008.10.12"]
[EventType "team-tourn"]
[EventRounds "11"]
[EventCountry "CZE"]
[SourceTitle "EXT 2010"]
[Source "ChessBase"]
[SourceDate "2010.11.25"]
[SourceVersion "1"]
[SourceVersionDate "2010.11.25"]
[SourceQuality "1"]

1. d4 d5 2. c4 c6 3. Nf3 Nf6 4. Nc3 e6 5. Bg5 Nbd7 6. cxd5 exd5 7. e3 Bd6 8. Bd3 h6 9. Bh4 0-0 10. 0-0 Re8 11. Qc2 Qc7 12. Bf5 g5 13. Bg3 Bxg3 14. hxg3 Kg7 15. b4 a6 16. a4 Nb6 17. Bd3 Be6 18. Rfc1 Nc4 19. Bxc4 dxc4 20. a5 b5 21. axb6 Qxb6 22. Na4 Qb5 23. Nc5 Nd5 24. Nxe6+ Rxe6 25. Qxc4 Nxb4 26. Ne5 a5 27. Qf1 f6 28. Nd7 Re7 29. Nc5 Raa7 30. Qd1 Qb8 31. Ra3 Qb5 32. e4 Na6 33. Rb3 Nb4 34. Rcb1 Qc4 35. Rc1 Qb5 36. Qg4 a4 37. Rbb1 a3 38. e5 a2 1/2-1/2

[Event "Zdar nad Sazavou Vysocina op-A 5th"]
[Site "Zdar nad Sazavou"]
[Date "2008.09.22"]
[Round "3"]
[White "Nun, Jiri"]
[Black "Krondraf, Karel"]
[Result "1-0"]
[WhiteElo "2380"]
[BlackElo "2214"]
[PlyCount "63"]
[EventDate "2008.09.20"]
[EventType "swiss"]
[EventRounds "9"]
[EventCountry "CZE"]
[SourceTitle "CBM 126 Extra"]
[Source "ChessBase"]
[SourceDate "2008.11.05"]
[SourceVersion "1"]
[SourceVersionDate "2008.11.05"]
[SourceQuality "1"]

1. e4 c5 2. Nf3 d6 3. Bc4 Nf6 4. d3 Nc6 5. Bb3 g6 6. c3 Bg7 7. 0-0 0-0 8. Qe2 e5 9. h3 h6 10. Nh2 Kh7 11. Nd2 Nh5 12. Ndf3 Qf6 13. Ng4 Bxg4 14. hxg4 Nf4 15. Qd1 Rad8 16. g3 Ne6 17. Kg2 g5 18. Rh1 Kg8 19. Rh5 Qe7 20. Bd2 f6 21. Nh2 Kf7 22. Nf1 Qd7 23. Ne3 Ne7 24. Qf3 Ke8 25. Rah1 Rh8 26. Rxh6 Rxh6 27. Rxh6 Nf4+ 28. gxf4 gxf4 29. Rh7 fxe3 30. Rxg7 exd2 31. Bf7+ Kf8 32. Qxf6 1-0

[Event "Zdar nad Sazavou Vysocina op-B 4th"]
[Site "Zdar nad Sazavou"]
[Date "2007.09.28"]
[Round "8"]
[White "Krondraf, Karel"]
[Black "Snorek, Milan"]
[Result "1-0"]
[WhiteElo "2167"]
[BlackElo "2161"]
[PlyCount "137"]
[EventDate "2007.09.22"]
[EventType "swiss"]
[EventRounds "9"]
[EventCountry "CZE"]
[SourceTitle "EXT 2008"]
[Source "ChessBase"]
[SourceDate "2007.11.25"]
[SourceVersion "1"]
[SourceVersionDate "2007.11.25"]
[SourceQuality "1"]

1. e4 e5 2. Nf3 Nf6 3. Nxe5 d6 4. Nf3 Nxe4 5. Nc3 Nxc3 6. dxc3 Be7 7. Bf4 Nd7 8. Qd2 Nc5 9. 0-0-0 Be6 10. Kb1 Qd7 11. Nd4 0-0-0 12. Bb5 c6 13. Be2 g5 14. Be3 Bd5 15. f3 f6 16. c4 Bf7 17. Qa5 b6 18. Qa3 a5 19. b4 axb4 20. Qa8+ Kc7 21. Qa7+ Kc8 22. Qxb6 Qb7 23. Qxc6+ Qxc6 24. Nxc6 Rde8 25. Bd4 Bg6 26. Bd3 Nxd3 27. cxd3 Rhf8 28. Nxb4 Bd8 29. Kc2 Re2+ 30. Rd2 Rfe8 31. Rhd1 Ba5 32. a3 f5 33. Bf6 g4 34. f4 R2e6 35. Bc3 g3 36. hxg3 Kd7 37. Nd5 Bd8 38. a4 Kc6 39. a5 h6 40. Ra1 Re1 41. Rdd1 R1e2+ 42. Kb3 Bc7 43. a6 Rb8+ 44. Nb4+ Kd7 45. Re1 Rxe1 46. Bxe1 Bb6 47. a7 Ra8 48. Nd5 Bc5 49. Bc3 Rxa7 50. Rxa7+ Bxa7 51. d4 Bf7 52. Ne3 Be6 53. Kb4 Kc7 54. Nc2 Bd7 55. Bd2 Bb6 56. Be3 Kb7 57. d5 Bd8 58. Bd4 h5 59. c5 dxc5+ 60. Kxc5 h4 61. gxh4 Be7+ 62. Kc4 Bxh4 63. Be5 Bf2 64. Nb4 Kb6 65. Bd4+ Bxd4 66. Kxd4 Ba4 67. Nc6 Kc7 68. Ke5 Kd7 69. Nd4 1-0

[Event "Zdar nad Sazavou Vysocina op-B 4th"]
[Site "Zdar nad Sazavou"]
[Date "2007.09.23"]
[Round "2"]
[White "Krondraf, Karel"]
[Black "Pesola, Jyrki"]
[Result "1-0"]
[WhiteElo "2167"]
[BlackElo "2020"]
[PlyCount "47"]
[EventDate "2007.09.22"]
[EventType "swiss"]
[EventRounds "9"]
[EventCountry "CZE"]
[SourceTitle "EXT 2008"]
[Source "ChessBase"]
[SourceDate "2007.11.25"]
[SourceVersion "1"]
[SourceVersionDate "2007.11.25"]
[SourceQuality "1"]

1. e4 c5 2. b3 e5 3. Bb2 d6 4. Bb5+ Bd7 5. Bxd7+ Qxd7 6. d3 Nc6 7. Ne2 Qg4 8. 0-0 Nge7 9. f3 Qe6 10. f4 f6 11. c4 Qg4 12. Rf3 Ng6 13. f5 Nge7 14. Nd2 Nd4 15. Bxd4 exd4 16. Nf4 Nc6 17. Qf1 Ne5 18. Rg3 Qh4 19. Ne6 Kf7 20. Nf3 Qh6 21. Rd1 Qh5 22. Rh3 Qg4 23. Kh1 Re8 24. Rh4 1-0

[Event "CZE-chT2d 0607"]
[Site "Czech Republic"]
[Date "2006.11.05"]
[Round "2"]
[White "Krondraf, Karel"]
[Black "Donnert, Milan"]
[Result "0-1"]
[WhiteElo "2136"]
[BlackElo "2135"]
[PlyCount "76"]
[EventDate "2006.10.15"]
[EventType "team"]
[EventRounds "11"]
[EventCountry "CZE"]
[SourceTitle "EXT 2009"]
[Source "ChessBase"]
[SourceDate "2008.11.26"]
[SourceVersion "1"]
[SourceVersionDate "2008.11.26"]
[SourceQuality "1"]

1. e4 d5 2. exd5 Nf6 3. Nc3 Nxd5 4. d4 c5 5. Bc4 Nxc3 6. bxc3 Qc7 7. Qf3 e6 8. d5 exd5 9. Bxd5 Bd6 10. Qe4+ Qe7 11. Qxe7+ Bxe7 12. Rb1 Nc6 13. Be3 0-0 14. Ne2 Rd8 15. Bxc6 bxc6 16. Ng3 Be6 17. 0-0 Bxa2 18. Rb7 Bf8 19. Ne4 Re8 20. Nd2 Be6 21. Ra1 a5 22. Ra4 Bf5 23. Rb2 g6 24. g4 Be6 25. Ne4 Bg7 26. g5 Bd5 27. Nf6+ Bxf6 28. gxf6 h5 29. h4 c4 30. Rba2 Re4 31. Bg5 Rg4+ 32. Kf1 Re8 33. f3 Rg3 34. Ra1 Rxf3+ 35. Kg1 Re4 36. Rxa5 Rg4+ 37. Kh2 Rf2+ 38. Kh3 Rfg2 0-1

[Event "Havlickuv Brod op-B"]
[Site "Havlickuv Brod"]
[Date "2005.10.02"]
[Round "9"]
[White "Lorenc, Oldrich"]
[Black "Krondraf, Karel"]
[Result "1-0"]
[WhiteElo "2201"]
[BlackElo "2142"]
[PlyCount "57"]
[EventDate "2005.09.24"]
[EventType "swiss"]
[EventRounds "9"]
[EventCountry "CZE"]
[SourceTitle "CBM 108 Extra"]
[Source "ChessBase"]
[SourceDate "2005.11.04"]
[SourceVersion "1"]
[SourceVersionDate "2005.11.04"]
[SourceQuality "1"]

1. Nf3 c5 2. e4 e6 3. Nc3 a6 4. g3 Nc6 5. Bg2 g6 6. 0-0 Bg7 7. d3 Nge7 8. Be3 b6 9. Qd2 0-0 10. Bh6 Bb7 11. Bxg7 Kxg7 12. d4 cxd4 13. Nxd4 Qc7 14. Rad1 Rad8 15. f4 Kg8 16. f5 exf5 17. exf5 Nxd4 18. Qxd4 Nxf5 19. Rxf5 gxf5 20. Bxb7 Qxb7 21. Nd5 f6 22. Nxf6+ Rxf6 23. Qxf6 Rf8 24. Qg5+ Kh8 25. Qe7 Qc8 26. Rxd7 Qc5+ 27. Qxc5 bxc5 28. Rc7 Rb8 29. b3 1-0

[Event "Znojmo Hostan op"]
[Site "Znojmo"]
[Date "2003.??.??"]
[Round "7.4"]
[White "Svanda, Josef"]
[Black "Krondraf, Karel"]
[Result "1/2-1/2"]
[WhiteElo "2116"]
[BlackElo "2104"]
[PlyCount "95"]
[EventDate "2003.09.??"]
[EventType "swiss"]
[EventRounds "8"]
[EventCountry "CZE"]
[SourceTitle "CBM 096 Extra"]
[Source "ChessBase"]
[SourceDate "2003.10.22"]
[SourceVersion "2"]
[SourceVersionDate "2003.10.20"]
[SourceQuality "1"]

1. e4 c5 2. c3 d5 3. exd5 Qxd5 4. d4 Nf6 5. Nf3 Bg4 6. Be2 Nc6 7. Na3 cxd4 8. Nb5 Qd8 9. Nfxd4 Bxe2 10. Qxe2 a6 11. Nxc6 bxc6 12. Nd4 c5 13. Nb3 Qc7 14. 0-0 e6 15. Bg5 Be7 16. Bh4 0-0 17. Bg3 Qb6 18. Rfd1 Rad8 19. Qe5 Nd5 20. c4 Nb4 21. Qc7 Qxc7 22. Bxc7 Rd3 23. Ba5 Rb8 24. Rxd3 Nxd3 25. Bc3 Bf6 26. Rd1 Bxc3 27. bxc3 Nb2 28. Rd6 a5 29. g3 Na4 30. Nxa5 Nxc3 31. Nc6 Rb1+ 32. Kg2 g6 33. Rd8+ Kg7 34. Rd7 Kg8 35. Ne5 f6 36. Ng4 Ne4 37. a4 Ra1 38. Ra7 Ra2 39. a5 h5 40. Nh6+ Kf8 41. a6 Ke8 42. Ng8 Kd8 43. Ne7 Rxf2+ 44. Kg1 Ra2 45. Nc6+ Kc8 46. Ne7+ Kd8 47. Nc6+ Kc8 48. Ne7+ 1/2-1/2

[Event "Znojmo Hostan op"]
[Site "Znojmo"]
[Date "2003.??.??"]
[Round "3.3"]
[White "Vandersmissen, Mathie"]
[Black "Krondraf, Karel"]
[Result "1/2-1/2"]
[WhiteElo "2183"]
[BlackElo "2104"]
[PlyCount "84"]
[EventDate "2003.09.??"]
[EventType "swiss"]
[EventRounds "8"]
[EventCountry "CZE"]
[SourceTitle "CBM 096 Extra"]
[Source "ChessBase"]
[SourceDate "2003.10.22"]
[SourceVersion "2"]
[SourceVersionDate "2003.10.20"]
[SourceQuality "1"]

1. e4 c5 2. Nf3 d6 3. d4 cxd4 4. Nxd4 Nf6 5. Nc3 a6 6. Be2 e6 7. 0-0 Qc7 8. f4 Be7 9. g4 Nc6 10. g5 Nxd4 11. Qxd4 d5 12. Be3 Nxe4 13. Qxg7 Rf8 14. Nxe4 dxe4 15. Qxh7 Bc5 16. Qxe4 Bd7 17. Bxc5 Qxc5+ 18. Rf2 Rh8 19. Qe5 Qxe5 20. fxe5 Ke7 21. Rf4 Rac8 22. Bd3 Rh5 23. h4 Rch8 24. Kf2 Rxh4 25. Rxh4 Rxh4 26. Kg3 Rh5 27. Kg4 Rh2 28. Rg1 Bc6 29. b3 Rf2 30. Rg3 Bg2 31. Re3 Bc6 32. a4 Kd7 33. Rh3 Rg2+ 34. Kh5 Ke7 35. Kh6 Rg1 36. g6 fxg6 37. Bxg6 Re1 38. Rh5 Be4 39. Bxe4 Rxe4 40. Kg6 Rg4+ 41. Rg5 Rh4 42. Rg2 Re4 1/2-1/2

[Event "MOR-chT2S 0203"]
[Site "Moravia"]
[Date "2002.11.03"]
[Round "2"]
[White "Tesar, Jan"]
[Black "Krondraf, Karel"]
[Result "1-0"]
[WhiteElo "2108"]
[BlackElo "2098"]
[PlyCount "41"]
[EventDate "2002.10.??"]
[EventType "team"]
[EventRounds "11"]
[EventCountry "CZE"]
[SourceTitle "EXT 2006"]
[Source "ChessBase"]
[SourceDate "2005.11.24"]
[SourceVersion "1"]
[SourceVersionDate "2005.11.24"]
[SourceQuality "1"]

1. g3 Nf6 2. Bg2 g6 3. e4 d6 4. d4 Bg7 5. Nc3 0-0 6. Nge2 e5 7. 0-0 Bd7 8. h3 Nc6 9. Be3 h6 10. Qd2 Kh7 11. Rad1 Qc8 12. Kh2 exd4 13. Nxd4 Nxd4 14. Bxd4 Bc6 15. f4 Nh5 16. Rf2 Bxd4 17. Qxd4 Ng7 18. f5 Qd7 19. Rdf1 Rfe8 20. fxg6+ fxg6 21. Rf7 1-0